000 00590nam a2200229Ia 4500
003 OSt
005 20220924133522.0
006 a|||||r|||| 00| 0
007 ta
008 220923b |||||||| |||| 00| 0 ara d
024 _a266462
037 _cTextual
040 _aARTS
_cARTS
_bara
041 _2ara
_aara
082 _aO28,1F66,1, J5
100 _aMohiuddin Abu Bukar Au.
_9206694
245 0 _aDeewan-e-ibne Arbi
260 _c1955
650 _aARABIC POETRY
942 _hO28,1F66,1, J5
_cTEXL
_2CC
999 _c434139
_d434139